New TOEIC : Speaking coach (Answer key)
Saved in:
| Main Author: | |
|---|---|
| Format: | Book |
| Language: | Undetermined |
| Published: |
Thành phố Hồ Chí Minh
Tổng hợp Thành phố Hồ Chí Minh
2011
|
| Subjects: | |
| Tags: |
Add Tag
No Tags, Be the first to tag this record!
|
| Institutions: | Trung tâm Học liệu Trường Đại học Cần Thơ |
|---|
| LEADER | 00652nam a2200205Ia 4500 | ||
|---|---|---|---|
| 001 | CTU_189619 | ||
| 008 | 210402s9999 xx 000 0 und d | ||
| 082 | |a 428.0076 | ||
| 082 | |b K75 | ||
| 100 | |a Koo, Jay | ||
| 245 | 0 | |a New TOEIC : | |
| 245 | 0 | |b Speaking coach (Answer key) | |
| 245 | 0 | |c Jay Koo ; Created by San Fransisco Education Consulting | |
| 260 | |a Thành phố Hồ Chí Minh | ||
| 260 | |b Tổng hợp Thành phố Hồ Chí Minh | ||
| 260 | |c 2011 | ||
| 650 | |a English language,Tiếng Anh | ||
| 650 | |x Examinations,Kỳ thi | ||
| 910 | |a Xuyên,Hải | ||
| 980 | |a Trung tâm Học liệu Trường Đại học Cần Thơ | ||